Hotel Housekeeping: Operations and management (Record no. 28977)

MARC details
000 -LEADER
fixed length control field 00499nam a2200181Ia 4500
008 - FIXED-LENGTH DATA ELEMENTS--GENERAL INFORMATION
fixed length control field 230917s9999||||xx |||||||||||||| ||und||
020 ## - ISBN
Price RS699
040 ## - CATALOGING SOURCE
-- 251578
Original cataloging agency VIVEKANANDA LIBRARY
041 ## - Language
-- English
082 ## - DDC NUMBER
Classification number 647.94 R126H(3)
100 ## - MAIN ENTRY--PERSONAL NAME
Personal name Raghubalan, G
245 #0 - TITLE STATEMENT
Title Hotel Housekeeping: Operations and management
250 ## - EDITION STATEMENT
Edition statement 3rd ed.
260 ## - PUBLICATION, DISTRIBUTION, ETC. (IMPRINT)
Place of publication, distribution, etc New Delhi
Name of publisher, distributor, etc Oxford University Press
Date of publication, distribution, etc 2018
300 ## - PHYSICAL DESCRIPTION
Pages xx, 790 p.
500 ## - GENERAL NOTE
General note 3324 26/11/2018 HBD18/7560 30/11/2018 IHTM (SFS)
942 ## - ADDED ENTRY ELEMENTS (KOHA)
Koha item type Books
Holdings
Withdrawn status Lost status Damaged status Not for loan Location (home branch) Sublocation or collection (holding branch) Shelving location Date acquired Koha issues (times borrowed) Koha full call number Accession No. Koha date last seen Koha item type
        VIVEKANANDA LIBRARY VIVEKANANDA LIBRARY IHTM Library 10/12/2018 21 647.94 R126H(3) 386021 06/04/2026 Books
        VIVEKANANDA LIBRARY VIVEKANANDA LIBRARY IHTM Library 10/12/2018 15 647.94 R126H(3) 386022 16/12/2025 Books
        VIVEKANANDA LIBRARY VIVEKANANDA LIBRARY IHTM Library 10/12/2018 17 647.94 R126H(3) 386023 10/04/2026 Books
        VIVEKANANDA LIBRARY VIVEKANANDA LIBRARY IHTM Library 10/12/2018 15 647.94 R126H(3) 386024 17/04/2026 Books
        VIVEKANANDA LIBRARY VIVEKANANDA LIBRARY IHTM Library 10/12/2018 21 647.94 R126H(3) 386025 09/04/2026 Books
© Designed and Maintained by Vivekananda Library, MDU Rohtak